000
00289nam a22001337a 4500
008
170526b xxu||||| |||| 00| 0 eng d
020
_a
9780026679589
041
_a
eng
080
_2
12TH
_a
621
100
_a
27
101
_a
IM
245
_a
MECHANICAL DRAWING
_c
FRENCH
942
_2
udc
_c
BK
999
_c
14552
_d
14552